Desarrolo de pellets mediante densificación con mezclas de residuos agrícolas de Costa Rica
Uloženo v:
| Hlavní autor: | |
|---|---|
| Médium: | Kniha |
| Jazyk: | Spanish |
| Vydáno: |
San José, Costa Rica
2016
|
| Témata: | |
| Tagy: |
Přidat tag
Žádné tagy, Buďte první, kdo vytvoří štítek k tomuto záznamu!
|
MARC
| LEADER | 00000nam a22000007a 4500 | ||
|---|---|---|---|
| 003 | 012520 | ||
| 005 | 20221231144138.0 | ||
| 008 | 170120b2016 cr a|||| m||| 00| 0|spa d | ||
| 040 | |c cru CEDI | ||
| 090 | |a TFG 7671 | ||
| 100 | |9 6458 |a Montero Borbón , Giancarlo | ||
| 245 | |a Desarrolo de pellets mediante densificación con mezclas de residuos agrícolas de Costa Rica | ||
| 260 | |a San José, Costa Rica |c 2016 | ||
| 300 | |a xiv, 132 hojas ; ilustraciones a color | ||
| 500 | |a Tesis (licenciatura en ingeniería agrícola)--Universidad de Costa Rica. Facultad de Ingeniería. Escuela de Ingeniería Agrícola | ||
| 650 | |v APLICACIONES INDUSTRIALES |x RESIDUOS AGRICOLAS COMO COMBUSTIBLE |x RESIDUOS AGRICOLAS |x PIÑA |x AGRICULTURA |x BIOMASA |x ENERGIA BIOMASICA |x PULPA DE CAFE |x APROVECHAMIENTO DE RESIDUOS |9 6460 | ||
| 942 | |c TFG | ||
| 999 | |c 17544 |d 17544 | ||
